Freda. (Record no. 2920)

000 -LEADER
fixed length control field 00643nam a2200217 a 4500
001 - CONTROL NUMBER
control field :::00000649$&:&@@
003 - CONTROL NUMBER IDENTIFIER
control field OkBaRHE
005 - DATE AND TIME OF LATEST TRANSACTION
control field 20100409164406.0
008 - FIXED-LENGTH DATA ELEMENTS--GENERAL INFORMATION
fixed length control field s1984 j 000 0 eng u
040 ## - CATALOGING SOURCE
Transcribing agency
100 1# - MAIN ENTRY--PERSONAL NAME
Personal name Lindsay, Mrs. Gordon (Freda).
245 10 - TITLE STATEMENT
Title Freda.
260 ## - PUBLICATION, DISTRIBUTION, ETC. (IMPRINT)
Place of publication, distribution, etc Dallas, TX., :
Name of publisher, distributor, etc Christ For The Nations
Date of publication, distribution, etc 1984
300 ## - PHYSICAL DESCRIPTION
Extent 176 p. : photos
650 ## - SUBJECT ADDED ENTRY--TOPICAL TERM
Topical term or geographic name as entry element Christ for the Nations.
650 ## - SUBJECT ADDED ENTRY--TOPICAL TERM
Topical term or geographic name as entry element Lindsay, Freda.
650 ## - SUBJECT ADDED ENTRY--TOPICAL TERM
Topical term or geographic name as entry element Pentecostalism
General subdivision Biography.
700 ## - ADDED ENTRY--PERSONAL NAME
Personal name Lindsay, Freda.
942 ## - ADDED ENTRY ELEMENTS (KOHA)
Source of classification or shelving scheme
Koha item type Books
Copies
Source of classification or shelving scheme Koha item type Damaged status Copy number Lost status Price effective from Shelving location Full call number Not for loan Date last seen Permanent Location Withdrawn status Barcode Date acquired
 Books 1 2010-04-14General StacksBX 8764 .Z8 .L5 2010-04-14RHEMA Bible Training College 6492010-04-14